LEADER 00676nam a2200181 i 4500 001 000000215701 003 CaOOAMICUS 005 20120905000000.0 008 120905n xx u000 u lat u 013 $a194576 040 $aSeMil$bita 245 10$aVolumen 3. 300 $aVII, 419, 344 p., [1] p. di tav. 650 4$aDiritto canonico.$0(OLS)http://semarc/subject/207 773 0 $tCommentarius in Iudicia Ecclesiastica iuxta codicem iuris canonici.$dRoma : Anonima Libraria Cattolica Italiana, 1950.$w()27327 850 $aSeMil 852 $aSeMil$W1$xVenegono$y1$m2H III 96$j166121$B166121$CSeMilBibl$Z2$F177068 $81 996 $6245$aVolumen 3$9(OLS)http://semarc/title/104006 LEADER 01104nam a2200217 i 4500 001 000000014432 003 CaOOAMICUS 005 20180830125442.0 008 180830n it u000 u ita u 040 $aSeMil$bita 100 1 $aGeymonat, Ludovico <1908-1991>.$0(OLS)http://semarc/name/272 245 10$aStoria della filosofia :$bad uso dei licei classici /$cLudovico Geymonat. 260 $aMilano :$bGarzanti 300 $a3 v. ;$c22 cm. 650 4$aFilosofia - Storia - Manuali.$0(OLS)http://semarc/subject/1186 650 4$aFilosofia - Manuali.$0(OLS)http://semarc/subject/134 774 0 $aGeymonat, Ludovico <1908-1991>$tDal Rinascimento a Kant.$dMilano : Garzanti, 1965.$gVol.2$w()64578 774 0 $aGeymonat, Ludovico <1908-1991>$tFilosofia nei secoli 19. e 20..$dMilano : Garzanti, 1964.$gVol.3$w()73050 774 0 $aGeymonat, Ludovico <1908-1991>$tFilosofia antica e medievale.$dMilano : Garzanti, 1965.$gVol.1$w()180468 996 $6245$aStoria della filosofia :$bad uso dei licei classici$9(OLS)http://semarc/title/19150 996 $6260$aMilano :$bGarzanti$9(OLS)http://semarc/publisher/29852